000 00689nam a2200205 a 4500
001 26658
003 CO-ViMGA
008 141112s2004 ck r 000 u spa d
020 _a9789974690431
040 _aCO-ViMGA
_bspa
_cCO-ViMGA
082 0 4 _aI809.899 S62s1
100 1 _aSpeed Shaskan, Trisha
245 1 0 _aSi tu fueras un signo menos /
_cTrisha Speed Shaskan ; adaptación y traducción al español Equipo Editorial Cypres ; ilustraciones Francesca Carabelli
260 _aUruguay :
_bLatinbooks Internatiol,
_c2010
300 _a24 p : il. ; 24 cm
650 1 4 _aLibro didactico
650 1 4 _aLiteratura infantil
_92746
650 1 4 _aMatematica - Enseñanza
942 _2ddc
_cBK
999 _c10009
_d10009